[Event "XIV Miedzynarodowe Mistrzostwa Gdanska "]
[Site "CEN Gdansk"]
[Date "2012.??.??"]
[Round "7.28"]
[White "Wyczling, Bartosz"]
[Black "Plewa, Piotr"]
[Result "0-1"]
[WhiteElo "1591"]
[BlackElo "1900"]
[PlyCount "52"]
[EventDate "2012.??.??"]

1. d4 d5 2. c4 c6 3. Nc3 Nf6 4. Bg5 Ne4 5. Bh4 Qa5 6. Qc1 e5 7. e3 c5 8. Nge2
Nc6 9. f3 Nb4 10. Qd1 dxc4 11. fxe4 Nd3+ 12. Kd2 b5 13. Qc2 Bb7 14. d5 Be7 15.
Bg3 O-O 16. Nc1 Nb4 17. Qd1 f5 18. a3 fxe4 19. Qg4 Nxd5 20. N1e2 Rad8 21. Kc1
Nxe3 22. Qe6+ Rf7 23. Kb1 Kf8 24. Ka2 b4 25. Rc1 Rd2 26. Qxe5 Qxa3+ 0-1

[Event "XIV Miedzynarodowe Mistrzostwa Gdanska "]
[Site "CEN Gdansk"]
[Date "2012.??.??"]
[Round "7.29"]
[White "Smalara, Kazimierz"]
[Black "Wojszkun, Tadeusz"]
[Result "1-0"]
[WhiteElo "1951"]
[BlackElo "1809"]
[PlyCount "113"]
[EventDate "2012.??.??"]

1. d4 d5 2. Nf3 Nf6 3. e3 e6 4. c4 c5 5. b3 Nc6 6. Bb2 cxd4 7. exd4 Bd6 8. Be2
O-O 9. O-O b6 10. Nbd2 Bb7 11. Rc1 Bf4 12. a3 Rc8 13. g3 Bb8 14. Re1 Ne4 15.
Nf1 f5 16. cxd5 exd5 17. Ne5 f4 18. f3 Nxe5 19. dxe5 fxg3 20. hxg3 Ng5 21. f4
Rxc1 22. Bxc1 Ne4 23. Qd4 Qc8 24. Bf3 Qc2 25. Qb2 Rc8 26. Qxc2 Rxc2 27. Bxe4
dxe4 28. Be3 Rc3 29. Nd2 Bc7 30. Kf2 Bd8 31. Ra1 Be7 32. b4 Kf7 33. f5 h6 34.
Bd4 Rd3 35. Be3 Bd8 36. a4 Bc7 37. Nc4 Rc3 38. Rc1 Rxc1 39. Bxc1 Bd5 40. Ne3
Bb3 41. Bb2 Bxa4 42. Nd5 Bd8 43. Ke3 Bc2 44. b5 Be7 45. e6+ Kf8 46. Nxe7 Kxe7
47. Bxg7 h5 48. Be5 Bd3 49. Bb8 Kf6 50. Kf4 Bxb5 51. Bxa7 e3 52. Bxb6 e2 53.
Ba5 Bc6 54. Bc3+ Ke7 55. Ke5 Bb5 56. Bb4+ Ke8 57. f6 1-0

[Event "XIV Miedzynarodowe Mistrzostwa Gdanska "]
[Site "CEN Gdansk"]
[Date "2012.??.??"]
[Round "7.30"]
[White "Kindler, Przemyslaw"]
[Black "Cybulski, Ryszard"]
[Result "1-0"]
[WhiteElo "1787"]
[BlackElo "1925"]
[PlyCount "51"]
[EventDate "2012.??.??"]

1. e4 e5 2. Nf3 Nc6 3. Bc4 Nf6 4. d3 Be7 5. h3 d6 6. c3 O-O 7. Be3 a6 8. g4 d5
9. exd5 Nxd5 10. Qe2 Be6 11. Bd2 Nf4 12. Bxf4 Bxc4 13. dxc4 exf4 14. Nbd2 Bd6
15. O-O-O Re8 16. Ne4 Qe7 17. Rhe1 h6 18. Qc2 Qf8 19. g5 h5 20. Rg1 Be7 21.
Nf6+ Bxf6 22. gxf6 g6 23. Rxg6+ Kh8 24. Rg7 Qxg7 25. fxg7+ Kxg7 26. Ng5 1-0

[Event "XIV Miedzynarodowe Mistrzostwa Gdanska "]
[Site "CEN Gdansk"]
[Date "2012.??.??"]
[Round "7.32"]
[White "Pofelski, Andrzej"]
[Black "Wicikowska, Agata"]
[Result "1-0"]
[WhiteElo "1842"]
[BlackElo "1487"]
[PlyCount "113"]
[EventDate "2012.??.??"]

1. Nf3 d5 2. d4 e6 3. c4 f5 4. cxd5 exd5 5. g3 Nf6 6. Bg2 Bd6 7. Nc3 c6 8. O-O
O-O 9. Bg5 h6 10. Bc1 Qe8 11. Qc2 g5 12. e3 Ne4 13. a3 Nd7 14. b4 Ndf6 15. Bb2
f4 16. Nxe4 Nxe4 17. exf4 gxf4 18. Ne5 fxg3 19. fxg3 Bf5 20. Qe2 Kg7 21. Rf4
Bxe5 22. dxe5 Kg8 23. Raf1 Qg6 24. Qe3 h5 25. e6 Bxe6 26. Qd4 Qh7 27. Rxf8+
Rxf8 28. Rxf8+ Kxf8 29. Qe5 Bc8 30. Bd4 a6 31. Qf4+ Qf7 32. Qh6+ Ke7 33. Qh8
Bf5 34. Qe5+ Qe6 35. Qg7+ Qf7 36. Qh8 Kd7 37. Bb6 Nd6 38. Qd8+ Ke6 39. Bc5 Qe7
40. Qg8+ Qf7 41. Qh8 Ne4 42. Bd4 Nd6 43. Qe5+ Kd7 44. Bc5 Nc4 45. Qb8 Ke6 46.
a4 Qd7 47. Qh8 Qf7 48. a5 Kd7 49. Qb8 Ke6 50. Bd4 Nd6 51. Bc5 Nc4 52. Qc8+ Qd7
53. Qh8 Qf7 54. Qh6+ Kd7 55. Qg5 Nd6 56. Qf4 Qe6 57. Bxd6 1-0

[Event "XIV Miedzynarodowe Mistrzostwa Gdanska "]
[Site "CEN Gdansk"]
[Date "2012.??.??"]
[Round "7.33"]
[White "Frej, Zofia"]
[Black "Szymanowski, Mateusz"]
[Result "0-1"]
[WhiteElo "1545"]
[BlackElo "1833"]
[PlyCount "86"]
[EventDate "2012.??.??"]

1. e4 c5 2. Nf3 d6 3. c3 Nf6 4. h3 Nc6 5. Bd3 e5 6. Bc2 Be7 7. O-O O-O 8. Re1
d5 9. exd5 Qxd5 10. Bb3 c4 11. Bc2 e4 12. Nh2 Ne5 13. b3 b5 14. Ba3 Bxa3 15.
Nxa3 Rd8 16. Qe2 Bb7 17. Rad1 Rab8 18. Nf1 Nd3 19. Ne3 Qc5 20. b4 Qg5 21. Bxd3
exd3 22. Qf1 Bf3 23. Ra1 Be2 24. Rxe2 dxe2 25. Qxe2 Rd3 26. Nac2 Qe5 27. Nd4
Re8 28. a4 Rxd4 29. cxd4 Qxd4 30. Ra2 Qe4 31. Ra1 Qd4 32. Ra2 Qe4 33. Ra1 a6
34. axb5 axb5 35. Rc1 Nd5 36. Qh5 Nf4 37. Qg4 h5 38. Qd1 Qc6 39. Qf1 Ra8 40. g3
Nd3 41. Rb1 Ne5 42. Ng2 Nf3+ 43. Kh1 Qd7 0-1

[Event "XIV Miedzynarodowe Mistrzostwa Gdanska "]
[Site "CEN Gdansk"]
[Date "2012.??.??"]
[Round "7.34"]
[White "Grota, Mateusz"]
[Black "Wyczling, Artur"]
[Result "1/2-1/2"]
[WhiteElo "1815"]
[BlackElo "1499"]
[PlyCount "48"]
[EventDate "2012.??.??"]

1. e4 e6 2. d4 d5 3. Nd2 Nf6 4. e5 Nfd7 5. Bd3 c5 6. c3 Nc6 7. Ne2 Qb6 8. Nf3
cxd4 9. cxd4 f6 10. exf6 Nxf6 11. O-O Bd6 12. Bf4 Bxf4 13. Nxf4 O-O 14. Re1 Re8
15. Ng5 Bd7 16. Ngxe6 Bxe6 17. Nxe6 Nxd4 18. Nf4 Rxe1+ 19. Qxe1 Re8 20. Qd2 Ne4
21. Qe3 Nf6 22. Qd2 Ne6 23. Nxe6 Qxe6 24. h3 Ne4 1/2-1/2

[Event "XIV Miedzynarodowe Mistrzostwa Gdanska "]
[Site "CEN Gdansk"]
[Date "2012.??.??"]
[Round "7.35"]
[White "Wyrwa, Zdzislaw"]
[Black "Szymanowski, Igor"]
[Result "1-0"]
[WhiteElo "1946"]
[BlackElo "1639"]
[PlyCount "69"]
[EventDate "2012.??.??"]

1. e4 c5 2. Nf3 d6 3. d4 cxd4 4. Nxd4 Nf6 5. Nc3 a6 6. f4 e6 7. Bd3 Be7 8. a4
Nbd7 9. Nf3 O-O 10. O-O Qc7 11. Kh1 b6 12. Qe1 Bb7 13. Bd2 Nc5 14. b4 Nxd3 15.
cxd3 d5 16. e5 Nd7 17. Ne2 Rac8 18. Ned4 Rfe8 19. f5 exf5 20. Nxf5 Bf8 21. Qg3
Kh8 22. d4 f6 23. Bf4 fxe5 24. Ng5 h6 25. Nf7+ Kh7 26. Nxe5 Nxe5 27. Bxe5 Qc3
28. Qg4 Qxb4 29. Rab1 Qxa4 30. Rxb6 Bc6 31. Qg3 Qc4 32. Rbb1 g6 33. Nd6 Bxd6
34. Rf7+ Kg8 35. Qxg6# 1-0

[Event "XIV Miedzynarodowe Mistrzostwa Gdanska "]
[Site "CEN Gdansk"]
[Date "2012.??.??"]
[Round "7.36"]
[White "Gostomski, Mariusz"]
[Black "Serbinowski, Mieczyslaw"]
[Result "1-0"]
[WhiteElo "1588"]
[BlackElo "1802"]
[PlyCount "61"]
[EventDate "2012.??.??"]

1. e4 e6 2. d3 d5 3. Nd2 c5 4. Ngf3 Nc6 5. g3 Bd6 6. Bg2 Nge7 7. O-O O-O 8. Re1
f5 9. exd5 exd5 10. d4 c4 11. c3 f4 12. Nf1 fxg3 13. fxg3 Bg4 14. Bg5 Qd7 15.
Ne3 Bh5 16. Bxe7 Nxe7 17. Ne5 Qe8 18. Qd2 Bxe5 19. dxe5 Rd8 20. Nxd5 Nxd5 21.
Bxd5+ Kh8 22. Qg2 Qb5 23. Bxb7 Qb6+ 24. Kh1 Rf2 25. Qc6 Bf3+ 26. Qxf3 Rxf3 27.
Bxf3 Qxb2 28. Rad1 Rf8 29. e6 g6 30. e7 Re8 31. Bc6 1-0

[Event "XIV Miedzynarodowe Mistrzostwa Gdanska "]
[Site "CEN Gdansk"]
[Date "2012.??.??"]
[Round "7.37"]
[White "Zhuk, Dmitriy"]
[Black "Grabarczyk, Sylwester"]
[Result "0-1"]
[WhiteElo "1605"]
[BlackElo "1746"]
[PlyCount "58"]
[EventDate "2012.??.??"]

1. e4 e5 2. d4 exd4 3. Qxd4 Nc6 4. Qe3 d6 5. Bd2 Nf6 6. h3 g6 7. Nc3 Bg7 8.
O-O-O O-O 9. Nge2 Ne5 10. Nf4 a5 11. g4 Nfd7 12. Ng2 Nb6 13. f4 Nec4 14. Qf3
Nxd2 15. Rxd2 a4 16. g5 a3 17. b3 Ra5 18. Nb5 Bd7 19. c4 Bxb5 20. cxb5 c6 21.
bxc6 Rc5+ 22. Kd1 Bb2 23. Ne3 Rxc6 24. Nc4 Nxc4 25. Bxc4 Qc7 26. Ke2 Qa5 27.
Qd3 b5 28. Bxb5 Rc3 29. Qd5 Rc5 0-1

[Event "XIV Miedzynarodowe Mistrzostwa Gdanska "]
[Site "CEN Gdansk"]
[Date "2012.??.??"]
[Round "7.39"]
[White "Zaleski, Lukasz"]
[Black "Belczewski, Jacek"]
[Result "1/2-1/2"]
[WhiteElo "1652"]
[BlackElo "1498"]
[PlyCount "89"]
[EventDate "2012.??.??"]

1. Nf3 f5 2. g3 Nf6 3. Bg2 e6 4. O-O d5 5. d4 Bd6 6. c4 c6 7. Ne5 O-O 8. Bf4
Qe7 9. c5 Bc7 10. Nc3 Ne4 11. Nd3 Bxf4 12. gxf4 Qh4 13. f3 Nxc3 14. bxc3 Rf6
15. Qe1 Qh5 16. h3 Nd7 17. Kh2 Nf8 18. Ne5 Ng6 19. Nxg6 Rxg6 20. Rg1 Bd7 21.
Bf1 Rxg1 22. Kxg1 Rf8 23. Kh2 Kh8 24. Qf2 g5 25. fxg5 Qxg5 26. f4 Qh6 27. Rb1
Bc8 28. e3 Rg8 29. Be2 Qg6 30. Rg1 Qxg1+ 31. Qxg1 Rxg1 32. Kxg1 Kg7 33. Kf2 Kh6
34. Kg3 Bd7 35. c4 Be8 36. Kh4 Bg6 37. cxd5 exd5 38. Bd3 Kg7 39. Kg5 h6+ 40.
Kh4 Kf6 41. Be2 Bf7 42. Kg3 Bg6 43. Kf2 Bf7 44. Ke1 h5 45. h4 1/2-1/2

[Event "XIV Miedzynarodowe Mistrzostwa Gdanska "]
[Site "CEN Gdansk"]
[Date "2012.??.??"]
[Round "7.44"]
[White "Paziak, Patryk"]
[Black "Zelajtys, Jozef"]
[Result "1/2-1/2"]
[WhiteElo "1744"]
[BlackElo "1628"]
[PlyCount "52"]
[EventDate "2012.??.??"]

1. d4 d5 2. c4 e6 3. Nc3 c6 4. Nf3 Nf6 5. Bg5 Be7 6. e3 h6 7. Bh4 Nbd7 8. Bd3
O-O 9. O-O b6 10. Rc1 c5 11. Re1 Bb7 12. Ne5 a6 13. cxd5 Nxe5 14. dxe5 Nxd5 15.
Bxe7 Qxe7 16. f4 Rfd8 17. Qe2 b5 18. Bb1 Rac8 19. Ne4 c4 20. Nd6 Rc7 21. g3 g6
22. e4 Nb4 23. f5 f6 24. Qg4 exf5 25. exf5 g5 26. Nxb7 26... Rxb7 {(...44)}
1/2-1/2

[Event "XIV Miedzynarodowe Mistrzostwa Gdanska "]
[Site "CEN Gdansk"]
[Date "2012.??.??"]
[Round "7.45"]
[White "Kostecki, Samuel"]
[Black "Przybylowicz, Kazimierz"]
[Result "1-0"]
[WhiteElo "1447"]
[BlackElo "1724"]
[PlyCount "84"]
[EventDate "2012.??.??"]

1. d4 Nf6 2. Nf3 d5 3. c4 c6 4. Qc2 g6 5. g3 Bg7 6. Bg2 dxc4 7. Qxc4 O-O 8. O-O
Nbd7 9. Rd1 Nb6 10. Qc2 Bf5 11. Qb3 Qc8 12. Bf4 Nbd5 13. Be5 a5 14. a3 a4 15.
Qc4 Bh6 16. Bxf6 Nxf6 17. Nbd2 Be6 18. Qc2 Rd8 19. e3 Bg4 20. Nc4 Qc7 21. b3
axb3 22. Qxb3 b5 23. Nce5 Be6 24. Qc2 Bd5 25. Rdc1 Rdc8 26. Ne1 Bxg2 27. Kxg2
Qd6 28. N1d3 Nd5 29. Qc5 Ra6 30. Nb4 Nxb4 31. Qxb4 Qd5+ 32. Kg1 Bf8 33. Rc5 Qd8
34. Qc3 Qb6 35. Nd7 Qb7 36. Nxf8 Kxf8 37. Rc1 e6 38. e4 h5 39. d5 exd5 40. exd5
Rca8 41. dxc6 Qc7 42. Qh8+ Ke7 1-0

[Event "XIV Miedzynarodowe Mistrzostwa Gdanska "]
[Site "Centrum Edukacji Nauczycieli "]
[Date "2012.??.??"]
[Round "8.1"]
[White "Malisauskas, Vidmantas"]
[Black "Khamitskiy, Sergei"]
[Result "1-0"]
[WhiteElo "2460"]
[BlackElo "2290"]
[PlyCount "57"]
[EventDate "2012.??.??"]

1. c4 c5 2. Nc3 Nf6 3. g3 d5 4. cxd5 Nxd5 5. Bg2 Nc7 6. Nf3 Nc6 7. O-O e5 8. d3
Be7 9. Nd2 Bd7 10. Nc4 f6 11. a4 O-O 12. a5 Kh8 13. f4 exf4 14. Bxf4 Be8 15.
Qb3 Rb8 16. e3 Nb4 17. Rad1 g5 18. Bxc7 Qxc7 19. Nd5 Nxd5 20. Bxd5 b5 21. axb6
axb6 22. Nd2 Qe5 23. e4 f5 24. exf5 Rxf5 25. Rxf5 Qxf5 26. Rf1 Qe5 27. Be4 Bf6
28. Qa2 Qe7 29. Rxf6 1-0

[Event "XIV Miedzynarodowe Mistrzostwa Gdanska "]
[Site "Centrum Edukacji Nauczycieli "]
[Date "2012.??.??"]
[Round "8.3"]
[White "Strzemiecki, Zbigniew"]
[Black "Kempinski, Tomasz"]
[Result "1/2-1/2"]
[WhiteElo "2433"]
[BlackElo "2204"]
[PlyCount "64"]
[EventDate "2012.??.??"]

1. e4 g6 2. d4 Bg7 3. Nf3 d6 4. c3 Nf6 5. Bd3 O-O 6. O-O c5 7. h3 Nc6 8. Be3
Nd7 9. Nbd2 b6 10. Qa4 Bb7 11. Ba6 Qc8 12. Bxb7 Qxb7 13. d5 Nce5 14. Nxe5 Nxe5
15. f4 b5 16. Qc2 Nd7 17. f5 Rac8 18. Rad1 Bd4 19. Qd3 Ne5 20. Qe2 Bxe3+ 21.
Qxe3 Kg7 22. Nf3 Nxf3+ 23. Qxf3 f6 24. h4 c4 25. g4 Qd7 26. Kg2 Rh8 27. Rh1 b4
28. Rdf1 bxc3 29. bxc3 Rb8 30. Rf2 Rb5 31. g5 gxf5 32. gxf6+ exf6 1/2-1/2

[Event "XIV Miedzynarodowe Mistrzostwa Gdanska "]
[Site "Centrum Edukacji Nauczycieli "]
[Date "2012.??.??"]
[Round "8.4"]
[White "Janczarski, Michal"]
[Black "Kobus, Sebastian"]
[Result "1/2-1/2"]
[WhiteElo "2357"]
[BlackElo "2097"]
[PlyCount "67"]
[EventDate "2012.??.??"]

1. d4 d5 2. c4 e6 3. Nc3 Nf6 4. cxd5 exd5 5. Bg5 Be7 6. e3 O-O 7. Bd3 h6 8. Bh4
Re8 9. Qc2 c6 10. Nge2 Ne4 11. Bxe7 Qxe7 12. Bxe4 dxe4 13. Ng3 f5 14. O-O Na6
15. f3 Nb4 16. Qd2 exf3 17. Rxf3 Be6 18. Re1 Qd7 19. a3 Nd5 20. Nxd5 Qxd5 21.
Qf2 Rf8 22. Rf1 c5 23. Nxf5 Bxf5 24. Rxf5 Rxf5 25. Qxf5 Qxf5 26. Rxf5 cxd4 27.
exd4 Rd8 28. Rf4 Rc8 29. g3 Rc2 30. Rf2 Rc1+ 31. Kg2 Rd1 32. Rf4 g5 33. Re4
Rd2+ 34. Kf3 {(...61)} 1/2-1/2

[Event "XIV Miedzynarodowe Mistrzostwa Gdanska "]
[Site "Centrum Edukacji Nauczycieli "]
[Date "2012.??.??"]
[Round "8.5"]
[White "Bugalski, Michal"]
[Black "Ulanowski, Karol"]
[Result "1-0"]
[WhiteElo "2193"]
[BlackElo "1987"]
[PlyCount "87"]
[EventDate "2012.??.??"]

1. d4 Nf6 2. c4 g6 3. Nc3 Bg7 4. e4 d6 5. Nf3 O-O 6. Be2 e5 7. O-O Nc6 8. d5
Ne7 9. Ne1 Nd7 10. Be3 f5 11. f3 f4 12. Bf2 g5 13. Nd3 Rf6 14. c5 Rh6 15. Rc1
Qe8 16. Kh1 Nf6 17. cxd6 cxd6 18. Qb3 Qh5 19. Bg1 Qh4 20. Bd1 Nh5 21. Ne2 g4
22. Ne1 Ng3+ 23. Nxg3 fxg3 24. fxg4 Bxg4 25. Bxg4 Qxg4 26. Qf3 Qg6 27. Qd3 gxh2
28. Bf2 Rf8 29. Rc7 Qf6 30. Nc2 Ng6 31. Ne3 Nf4 32. Qc2 Qg5 33. Be1 Rg6 34. Rf3
Nh5 35. Nf5 Kh8 36. Bh4 Qg4 37. Be7 Rg8 38. Nxd6 Rxd6 39. Bxd6 Ng3+ 40. Kxh2
Bf6 41. Kg1 Qh4 42. Rxg3 Rxg3 43. Qf2 Qg5 44. Rc2 1-0

[Event "XIV Miedzynarodowe Mistrzostwa Gdanska "]
[Site "Centrum Edukacji Nauczycieli "]
[Date "2012.??.??"]
[Round "8.6"]
[White "Gluszko, Monika"]
[Black "Zielinski, Stanislaw"]
[Result "0-1"]
[WhiteElo "2015"]
[BlackElo "2139"]
[PlyCount "46"]
[EventDate "2012.??.??"]

1. e4 e5 2. Nf3 Nc6 3. Bc4 Bc5 4. c3 Nf6 5. d3 d6 6. Bb3 O-O 7. Bg5 h6 8. Bh4
Be6 9. Nbd2 a6 10. Nf1 Re8 11. Ne3 Ba7 12. h3 Nb8 13. Nh2 Nbd7 14. Nhg4 Bxe3
15. fxe3 Bxg4 16. hxg4 g5 17. Qf3 gxh4 18. Qf5 Kf8 19. Rxh4 Ke7 20. g5 hxg5 21.
Rh7 d5 22. Qxg5 Rg8 23. Qh4 Rh8 0-1

[Event "XIV Miedzynarodowe Mistrzostwa Gdanska "]
[Site "Centrum Edukacji Nauczycieli "]
[Date "2012.??.??"]
[Round "8.7"]
[White "Stovring, Claus"]
[Black "Zielinski, Wojciech"]
[Result "1-0"]
[WhiteElo "2013"]
[BlackElo "2122"]
[PlyCount "44"]
[EventDate "2012.??.??"]

1. e4 e6 2. d4 d5 3. e5 c5 4. c3 Nc6 5. Nf3 f6 6. Bd3 Qb6 7. O-O cxd4 8. cxd4
Bd7 9. Nc3 fxe5 10. dxe5 O-O-O 11. Be3 d4 12. Na4 Qa5 13. Bg5 b5 14. Bxd8 Kxd8
15. Be4 Qxa4 16. Bxc6 Qxd1 17. Rfxd1 Bxc6 18. Nxd4 Be8 19. Nxe6+ Ke7 20. Nf4 g5
21. Nd5+ Ke6 22. Rac1 Ne7 1-0

[Event "XIV Miedzynarodowe Mistrzostwa Gdanska "]
[Site "Centrum Edukacji Nauczycieli "]
[Date "2012.??.??"]
[Round "8.8"]
[White "Pioch, Zygmunt"]
[Black "Gorniewicz, Oskar"]
[Result "0-1"]
[WhiteElo "2120"]
[BlackElo "1961"]
[PlyCount "66"]
[EventDate "2012.??.??"]

1. e4 d6 2. d4 Nf6 3. Nc3 g6 4. Be3 c6 5. Qd2 b5 6. Bd3 Ng4 7. Bg5 h6 8. Bh4 g5
9. Bg3 e5 10. h3 exd4 11. Nxb5 Ne5 12. Nxd4 Nxd3+ 13. Qxd3 Bg7 14. c3 O-O 15.
O-O-O d5 16. Bxb8 Bxd4 17. Qxd4 Rxb8 18. exd5 Qa5 19. a3 Bf5 20. Nf3 Rb3 21. g4
Bh7 22. d6 c5 23. Qd2 Qxa3 24. Qxg5+ hxg5 25. bxa3 Rxc3+ 26. Kb2 Rxf3 27. d7
Rb8+ 28. Ka2 Bd3 29. Ka1 Rd8 30. Rhe1 Rxd7 31. Re5 c4 32. Rxg5+ Kf8 33. Rc5 Rb7
0-1

[Event "XIV Miedzynarodowe Mistrzostwa Gdanska "]
[Site "Centrum Edukacji Nauczycieli "]
[Date "2012.??.??"]
[Round "8.9"]
[White "Zolnierowicz, Krzysztof"]
[Black "Marszk, Kazimierz"]
[Result "1-0"]
[WhiteElo "2226"]
[BlackElo "2050"]
[PlyCount "67"]
[EventDate "2012.??.??"]

1. e4 c6 2. Ne2 d5 3. e5 Bg4 4. f3 Bd7 5. g3 e6 6. Bg2 c5 7. c3 Nc6 8. f4 Nh6
9. d3 Nf5 10. Na3 Be7 11. Nc2 Qb6 12. b3 O-O 13. h4 d4 14. c4 h5 15. Kf2 a5 16.
Ng1 g6 17. Be4 Nh6 18. Kg2 Kg7 19. Nh3 Nb4 20. Ne1 a4 21. Nf2 axb3 22. Qxb3 Qc7
23. a3 Ra7 24. Rb1 Ba4 25. Qb2 Nc6 26. g4 hxg4 27. h5 g3 28. hxg6 gxf2 29. Qxf2
f5 30. exf6+ Rxf6 31. Rxh6 Rf5 32. Bxf5 exf5 33. Rh3 Ra8 34. Qg3 1-0

[Event "XIV Miedzynarodowe Mistrzostwa Gdanska "]
[Site "Centrum Edukacji Nauczycieli "]
[Date "2012.??.??"]
[Round "8.10"]
[White "Rybak, Tomasz"]
[Black "Kumala, Aleksander"]
[Result "1-0"]
[WhiteElo "2221"]
[BlackElo "1974"]
[PlyCount "43"]
[EventDate "2012.??.??"]

1. d4 Nf6 2. Nf3 d5 3. c4 e6 4. Nc3 Be7 5. g3 O-O 6. Bg2 c5 7. cxd5 exd5 8. O-O
Nc6 9. Be3 cxd4 10. Nxd4 Re8 11. Qa4 Nxd4 12. Bxd4 Bd7 13. Qb3 Bc6 14. Rfd1 Qd6
15. Bxf6 Bxf6 16. Bxd5 Bxd5 17. Rxd5 Qc6 18. e3 Bxc3 19. bxc3 Rac8 20. Rad1 b6
21. Rd7 Qf6 22. R1d4 1-0

[Event "XIV Miedzynarodowe Mistrzostwa Gdanska "]
[Site "Centrum Edukacji Nauczycieli "]
[Date "2012.??.??"]
[Round "8.12"]
[White "Zielinski, Maciej"]
[Black "Kotlowski, Tomasz"]
[Result "1/2-1/2"]
[WhiteElo "2096"]
[BlackElo "1995"]
[PlyCount "87"]
[EventDate "2012.??.??"]

1. e4 g6 2. d4 Bg7 3. Nc3 d6 4. f4 Nf6 5. Nf3 O-O 6. Bd3 c5 7. dxc5 dxc5 8. O-O
Nc6 9. e5 Nd5 10. Nxd5 Qxd5 11. Qe2 Bg4 12. c3 Rad8 13. Be4 Qd7 14. Be3 Na5 15.
Rad1 Qc7 16. Rxd8 Qxd8 17. Rd1 Qc7 18. Bd5 e6 19. Be4 a6 20. Qf2 b6 21. Qe2 b5
22. Qf2 Nc4 23. Bc1 Rd8 24. Qf1 Rxd1 25. Qxd1 Bf5 26. Bxf5 gxf5 27. Qd3 f6 28.
b3 fxe5 29. bxc4 e4 30. Qe2 exf3 31. Qxf3 Qd6 32. cxb5 axb5 33. Ba3 Bf8 34. g4
Qd2 35. gxf5 Qxa2 36. Qg4+ Kh8 37. Bc1 Qc2 38. Be3 exf5 39. Qh4 Qxc3 40. Kf2 b4
41. Qd8 Kg7 42. Qg5+ Kf7 43. Qxf5+ Ke8 44. Qc8+ 1/2-1/2

[Event "XIV Miedzynarodowe Mistrzostwa Gdanska "]
[Site "Centrum Edukacji Nauczycieli "]
[Date "2012.??.??"]
[Round "8.13"]
[White "Walkusz, Miroslaw"]
[Black "Piesik, Piotr"]
[Result "0-1"]
[WhiteElo "1938"]
[BlackElo "2226"]
[PlyCount "130"]
[EventDate "2012.??.??"]

1. Nf3 g6 2. d4 Bg7 3. c4 d6 4. Nc3 Nd7 5. e4 e5 6. d5 Ne7 7. Bg5 f6 8. Bh4 a5
9. a3 g5 10. Bg3 h5 11. h4 g4 12. Nd2 Bh6 13. b4 Bxd2+ 14. Kxd2 f5 15. exf5 Nf6
16. Bd3 Bxf5 17. Qe2 Qd7 18. Rhe1 O-O 19. Ne4 Nxe4+ 20. Bxe4 Bxe4 21. Qxe4 Nf5
22. b5 Qf7 23. Kc3 Qf6 24. Ra2 Rf7 25. Rd2 Raf8 26. Rde2 Rh7 27. Rh1 Rhf7 28.
Rhe1 Nd4 29. Rd2 Qf5 30. Qe3 Qg6 31. Rb2 Kh7 32. Qe4 Rc8 33. Kd3 c6 34. dxc6
bxc6 35. Qxg6+ Kxg6 36. c5 dxc5 37. b6 Rd7 38. Kc4 Nb5 39. Rxe5 Rd1 40. Rg5+
Kf7 41. b7 Rc1+ 42. Kd3 Rd8+ 43. Ke3 Rc3+ 44. Ke4 Rc4+ 45. Ke3 Rc3+ 46. Ke4
Rc4+ 47. Ke3 Nc3 48. Rf5+ Kg6 49. Rg5+ Kh6 50. Re5 Nd1+ 51. Ke2 Nxb2 52. Re6+
Kh7 53. b8=Q Rc2+ 54. Ke3 Nc4+ 55. Ke4 Rxb8 56. Bxb8 Re2+ 57. Kf5 Rxe6 58. Kxe6
Nxa3 59. f4 gxf3 60. gxf3 Nc2 61. f4 Nd4+ 62. Ke5 Kg6 63. Ba7 Nf3+ 64. Ke4 Nxh4
65. Bxc5 a4 0-1

[Event "XIV Miedzynarodowe Mistrzostwa Gdanska "]
[Site "Centrum Edukacji Nauczycieli "]
[Date "2012.??.??"]
[Round "8.14"]
[White "Piankov, Evgenij"]
[Black "Dzikowski, Michal"]
[Result "1-0"]
[WhiteElo "2338"]
[BlackElo "1857"]
[PlyCount "127"]
[EventDate "2012.??.??"]

1. d4 Nf6 2. Nf3 c5 3. e3 e6 4. c4 cxd4 5. exd4 Bb4+ 6. Nbd2 d5 7. Qa4+ Nc6 8.
Ne5 Bd7 9. Nxc6 Bxd2+ 10. Bxd2 Bxc6 11. Qb4 a5 12. Qc3 Ne4 13. Qc2 dxc4 14. Be3
Nd6 15. f3 Bd5 16. a4 Qb6 17. Bf2 Rc8 18. Be2 Qb4+ 19. Qc3 Qxc3+ 20. bxc3 Kd7
21. O-O f5 22. Bg3 Rc6 23. Rfb1 b6 24. Rb2 Kc8 25. Kf2 Kb7 26. Be5 Rg8 27. h4
g6 28. Bf4 Nf7 29. Rab1 h6 30. Rh1 Rh8 31. Bd1 Rcc8 32. Bc2 g5 33. Bd2 g4 34.
fxg4 fxg4 35. Kg3 Nd6 36. Rhb1 Rc6 37. Re1 Rc7 38. Bf4 Rd7 39. h5 Kc6 40. Bg6
Nc8 41. Kxg4 Rg8 42. Kh3 Ne7 43. Bh7 Rf8 44. g3 Nf5 45. Bg6 Rb7 46. Re5 Rg7 47.
Rb5 Rd7 48. Rb2 Rg7 49. Rb1 Rb7 50. Rb5 Rd7 51. Kg4 Nd6 52. Rb2 Nf5 53. Rbe2
Nd6 54. Kh4 Rh8 55. Rb2 b5 56. Bc2 b4 57. cxb4 c3 58. b5+ Kb6 59. Rb1 Nc4 60.
Re2 Rf8 61. Rc1 Nd6 62. Bd3 Nf5+ 63. Bxf5 Rxf5 64. Re5 1-0

[Event "XIV Miedzynarodowe Mistrzostwa Gdanska "]
[Site "Centrum Edukacji Nauczycieli "]
[Date "2012.??.??"]
[Round "8.15"]
[White "Kanarkiewicz, Michal"]
[Black "Albin, Grzegorz"]
[Result "1-0"]
[WhiteElo "2079"]
[BlackElo "1804"]
[PlyCount "43"]
[EventDate "2012.??.??"]

1. d4 d5 2. Nc3 Bf5 3. f3 e6 4. e4 dxe4 5. fxe4 Bg6 6. Nf3 Nf6 7. Bd3 c6 8. Bg5
Be7 9. Qd2 Nbd7 10. O-O-O Qa5 11. e5 Nd5 12. Bxg6 hxg6 13. Bxe7 Nxe7 14. Ng5
Nf5 15. Qf2 Nh6 16. h4 Rf8 17. Kb1 O-O-O 18. Nce4 Qd5 19. Qd2 f5 20. c4 Qxe4+
21. Nxe4 fxe4 22. Rhf1 1-0

[Event "XIV Miedzynarodowe Mistrzostwa Gdanska "]
[Site "Centrum Edukacji Nauczycieli "]
[Date "2012.??.??"]
[Round "8.16"]
[White "Zhuk, Ilya"]
[Black "Grajczak, Adrian"]
[Result "1/2-1/2"]
[WhiteElo "1904"]
[BlackElo "1999"]
[PlyCount "98"]
[EventDate "2012.??.??"]

1. e4 d6 2. d4 Nf6 3. Nc3 e5 4. dxe5 dxe5 5. Qxd8+ Kxd8 6. Bg5 Be6 7. O-O-O+
Nbd7 8. Nf3 Kc8 9. Bb5 c6 10. Ba4 Bc5 11. Bh4 Ng4 12. Rd2 Bb4 13. Bb3 Bxb3 14.
axb3 f6 15. h3 Nh6 16. g4 g5 17. Bg3 Nc5 18. Re2 Ne6 19. Nd1 Nf4 20. Bxf4 gxf4
21. c3 Bc5 22. b4 Bb6 23. b3 a5 24. Ra2 Kd7 25. bxa5 Bxa5 26. Re1 Nf7 27. Ree2
Bb6 28. Kb1 Rxa2 29. Kxa2 h5 30. gxh5 Rxh5 31. h4 Ke6 32. b4 f5 33. exf5+ Kxf5
34. Nb2 Kg4 35. Nd2 Bd8 36. Nbc4 Bxh4 37. f3+ Kf5 38. Ne4 Be7 39. Na5 Nd8 40.
Nf2 Rh2 41. Kb3 Rg2 42. Nc4 Nf7 43. Rc2 Rg3 44. Nd2 Ng5 45. Nde4 Nxe4 46. fxe4+
Ke6 47. Rc1 Re3 48. Rh1 b5 49. Rh6+ Bf6 1/2-1/2

[Event "XIV Miedzynarodowe Mistrzostwa Gdanska "]
[Site "Centrum Edukacji Nauczycieli "]
[Date "2012.??.??"]
[Round "8.17"]
[White "Suliborski, Artur"]
[Black "Wrzesinski, Pawel"]
[Result "0-1"]
[WhiteElo "1797"]
[BlackElo "1960"]
[PlyCount "78"]
[EventDate "2012.??.??"]

1. e4 e6 2. d4 d5 3. Nd2 Nf6 4. e5 Nfd7 5. Bd3 c5 6. c3 Nc6 7. Ne2 cxd4 8. cxd4
f6 9. exf6 Qxf6 10. O-O Bd6 11. Nf3 O-O 12. Nc3 h6 13. Be3 Nb6 14. Qb3 Kh8 15.
a4 Na5 16. Qc2 Nc6 17. Be2 a5 18. Nb5 Bb8 19. g3 Bd7 20. Ne5 Be8 21. f4 Nc8 22.
Bd2 Nd6 23. Bd3 Nxb5 24. axb5 Nxd4 25. Qa4 Nf5 26. Bc3 Qe7 27. Bxf5 Rxf5 28. b4
Qc7 29. Bd4 Ba7 30. bxa5 Bxb5 31. Qxb5 Bxd4+ 32. Kh1 Bxa1 33. Rxa1 Rxe5 34.
fxe5 Qxe5 35. Rf1 Qe4+ 36. Kg1 Rc8 37. Qb3 Rc2 38. Qf3 Qd4+ 39. Kh1 Qd2 0-1